000 00718nam a2200241Ia 4500
003 GCL
008 140319s9999 xx 000 0 ara d
040 _aGCL /
_cGCL
082 0 4 _a158.4
_bل ت
100 1 _aكوزيس جيمس
245 1 0 _aتحديات الزعامة /
_cكوزيس جيمس
700 1 _aبوزنر وبارى
700 1 _aجورج خورى (مترجم)
700 1 _aوليم جبر
260 _a[S.N] :
_bمركز الكتب الاردنى ،
_c1989
300 _a327 ص
490 _a
650 0 4 _aعلم النفس
650 0 4 _aالجوانب النفسية
650 0 4 _aعلم النفس السياسى
650 0 4 _aالممارسة السياسية
942 _2ddc
_cBK
999 _c32267
_d32267